৩০ দিনে জাপানী ভাষা শিক্ষা /
| Other Authors: | |
|---|---|
| Format: | Book |
| Language: | Bengali Japanese English |
| Published: |
ঢাকা :
সাকিব বুক সেন্টার,
?
|
| Subjects: | |
| Classic Catalogue: | View this record in Classic Catalogue |
| LEADER | 02052nam a22002777a 4500 | ||
|---|---|---|---|
| 001 | 44772 | ||
| 003 | BD-DhAAL | ||
| 005 | 20250911113525.0 | ||
| 008 | 250911n bg ||||| |||| 00| 0 ben d | ||
| 040 | |a BD-DhAAL |c BD-DhAAL | ||
| 041 | |a ben |a jpn |a eng | ||
| 082 | |a 495.680071 |2 23 | ||
| 245 | |a ৩০ দিনে জাপানী ভাষা শিক্ষা / |c সম্পাদক, মাহবুবুর রহমান. | ||
| 260 | |a ঢাকা : |b সাকিব বুক সেন্টার, |c ? | ||
| 300 | |a ১১২ পৃষ্ঠা ; |c ২২ সে.মি. | ||
| 500 | |a আধুনিক পদ্ধতিতে, অতি সহজে জাপানী ভাষা শিক্ষা সহায়ক বই। | ||
| 526 | |a CSE |x Annajiat Alim Rasel Senior Lecturer Department of Computer Science and Engineering BRAC University Course Name : Japanese Language and General for ITEE (JPN 101) | ||
| 541 | |a Hye Trade International |e 44772, 44773 | ||
| 650 | |a Japanese language |x Study and teaching |x Foreign speakers. |9 59296 | ||
| 650 | |a Japanese language. | ||
| 700 | |a রহমান, মাহবুবুর, |e সম্পাদক. |9 18652 | ||
| 852 | |a Ayesha Abed Library |c General Stacks | ||
| 942 | |c BK |2 ddc | ||
| 999 | |c 47457 |d 47457 | ||
| 952 | |0 0 |1 0 |2 ddc |4 0 |6 495_680071000000000_TRI |7 0 |9 78159 |a BRACUL |b BRACUL |c GEN |d 2025-09-08 |e Hye Trade International |g 50.00 |l 0 |o 495.680071 TRI |p 3010044773 |r 2025-09-08 |t 2 |v 100.00 |w 2025-09-08 |y BK |x Requisitioned by Annajiat Alim Rasel (Senior Lecturer, Department of Computer Science and Engineering, BRAC University) for the course named - 'Japanese Language and General for ITEE (JPN 101)' | ||
| 952 | |0 0 |1 0 |2 ddc |4 0 |6 495_680071000000000_TRI |7 0 |9 78160 |a BRACUL |b BRACUL |c NEW |d 2025-09-08 |e Hye Trade International |g 50.00 |l 0 |o 495.680071 TRI |p 3010044772 |r 2025-09-08 |t 1 |v 100.00 |w 2025-09-08 |y BK |x Requisitioned by Annajiat Alim Rasel (Senior Lecturer, Department of Computer Science and Engineering, BRAC University) for the course named - 'Japanese Language and General for ITEE (JPN 101)' | ||